Sprevádzanie a pastorácia rodín v kríze, alebo, Spiritualita zlyhania

Bibliographic Details
Other Authors: Kamenár, Dušan (Translator)
Format: Book
Language:Slovak
Published: Žilina Familiae Locum - Rodinkovo 2020
Subjects:

MARC

LEADER 00000cam a2200000 4500
001 vtls012068342
003 SK-MaSNL
005 20260301054650.0
008 230501s2020 xo grnf 000 0 slo
015 |a SNBA2021/10 
020 |a 9788097168551  |q (brožované) 
035 |a urn:nbn:sk:snk-am00icdq 
035 |a C43A916B-B138-4E19-9F26-A4D8100F24A4 
040 |a SNK  |b slo  |c SNK  |e rda 
041 0 |a slo 
044 |a xo  |c SK 
072 7 |a 27  |x Kresťanstvo. Kresťanská cirkev všeobecne. Ekleziológia  |2 konspekt 
072 7 |a 316.36  |x Manželstvo a rodina. Sexuálne vzťahy  |2 konspekt 
080 |a 364.642:316.361  |2 2011 
080 |a 316.361  |2 2011 
080 |a 27  |2 2011 
080 |a 316.356.2  |2 2011 
080 |a 27-29  |2 2011 
080 |a (035)  |2 2011 
245 0 0 |a Sprevádzanie a pastorácia rodín v kríze, alebo, Spiritualita zlyhania  |c redaktorka: Mária Schindlerová ; preklad: Dušan Kamenár 
246 3 0 |a Spiritualita zlyhania 
264 1 |a Žilina  |b Familiae Locum - Rodinkovo  |c 2020 
300 |a 119 strán  |c 19 cm 
336 |a text  |b txt  |2 rdacontent 
337 |a bez média  |b n  |2 rdamedia 
338 |a zväzok  |b nc  |2 rdacarrier 
504 |a Obsahuje bibliografiu 
650 0 7 |a manželská kríza  |2 SNKPH  |9 97553 
650 0 7 |a Marriage crisis  |2 SNKPHeng  |9 319715 
650 0 7 |a manželstvo  |2 SNKPH  |9 659 
650 0 7 |a Marriage  |2 SNKPHeng  |9 282483 
650 0 7 |a kresťanské chápanie  |2 SNKPH  |9 3818 
650 0 7 |a Christian approach  |2 SNKPHeng  |9 303614 
650 0 7 |a partnerské a rodinné vzťahy  |2 SNKPH  |9 3864 
650 0 7 |a rodinné vzťahy  |2 SNKPH  |9 3865 
650 0 7 |a Family relations  |2 SNKPHeng  |9 314888 
650 0 7 |a náboženská literatúra  |2 SNKPH  |9 1487 
650 0 7 |a Religious literature  |2 SNKPHeng  |9 265585 
655 7 |a príručky  |2 SNKPH  |9 74364 
655 7 |a Handbooks, manuals, etc.  |2 SNKPHeng  |9 90964 
700 1 |a Schindlerová, Mária  |4 red  |9 337169 
700 1 |a Kamenár, Dušan  |4 trl  |9 317353 
852 |a Slovenská národná knižnica 
919 |a 978-80-971685-5-1 
954 |a duchovná literatúra cudzojazyčná (svetová)  |2 lita 
958 |a NB 
958 |a NT 
999 |c 611521  |d 613451 
952 |a SNK  |b SNK  |y PREZ  |7 0  |p 17A1458427  |o snkSD 90060  |i snk2021/12328  |8 0  |0 0  |1 0  |4 0  |d 2021-09-10  |f 1  |l 0  |r 2026-02-23 16:25:42  |w 2026-02-23 
952 |a SNK  |b SNK  |y VYP  |7 0  |p 17A1458428  |o snkSD 90060 D1  |i snk2021/12329  |8 0  |0 0  |1 0  |4 0  |d 2021-09-10  |l 0  |r 2026-02-23 16:25:42  |w 2026-02-23